El libro de la nada / (Record no. 28645)

MARC details
000 -LEADER
campo de control de longitud fija 00617nam a22002297a 4500
001 - NÚMERO DE CONTROL
campo de control 00028615
005 - FECHA Y HORA DE LA ÚLTIMA TRANSACCIÓN
campo de control 20260321103026.0
008 - DATOS DE LONGITUD FIJA--INFORMACIÓN GENERAL
campo de control de longitud fija 260321b ag ||||| |||| 00| 0 spa d
020 ## - NÚMERO INTERNACIONAL ESTÁNDAR DEL LIBRO
Número Internacional Estándar del Libro 978849867224
040 ## - FUENTE DE CATALOGACIÓN
Centro catalogador/agencia de origen AR-CcCEOS
Lengua de catalogación Español; Castellano
Centro/agencia transcriptor AR-CcCEOS
041 ## - CÓDIGO DE IDIOMA
Código de lengua del texto/banda sonora o título independiente Español; Castellano
080 ## - NÚMERO DE LA CLASIFICACIÓN DECIMAL UNIVERSAL
Número de la Clasificación Decimal Universal 895.1-3
090 ## - LOCALMENTE ASIGNADO TIPO-LC NÚMERO DE CLASIFICACIÓN (OCLC); NÚMERO DE CLASIFICACIÓN LOCAL (RLIN)
Número cutter local (OCLC) ; Número de libro/Signatura topográfica íntegra, CALL (RLIN) CAN
100 1# - ENTRADA PRINCIPAL--NOMBRE DE PERSONA
Nombre de persona Ooi, Can-Seng
9 (RLIN) 945
245 ## - MENCIÓN DEL TÍTULO
Título El libro de la nada /
Mención de responsabilidad, etc. Seng Can
250 ## - MENCION DE EDICION
Mención de edición 1ª ed.
264 ## - PRODUCCIÓN, PUBLICACIÓN, DISTRIBUCIÓN, FABRICACIÓN Y COPYRIGHT
Producción, publicación, distribución, fabricación y copyright Barcelona :
Nombre del de productor, editor, distribuidor, fabricante Perez Galdós,
Fecha de producción, publicación, distribución, fabricación o copyright c2008.
300 ## - DESCRIPCIÓN FÍSICA
Extensión 133 p. ;
Dimensiones 24x15 cm.
655 #0 - TERMINO DE INDIZACIÓN--GENERO/FORMA
Datos o término principal de género/forma literatura china
9 (RLIN) 946
942 ## - ELEMENTOS DE ENTRADA SECUNDARIOS (KOHA)
Fuente de la clasificación o esquema de estantería Clasificación decimal universal
Tipo de ítem Koha Libros
Suprimir en OPAC No
Holdings
Estatus retirado Estado de pérdida Fuente de la clasificación o esquema de estantería Estado de daño No para préstamo Biblioteca de origen Biblioteca actual Fecha de adquisición Número de inventario Total de préstamos Signatura topográfica completa Información codificada de la localización en otra ubicación Colección Código de barras Visto por última vez Precio de reemplazo Tipo de ítem Koha
    Clasificación decimal universal     Biblioteca Julio Serebrinsky Biblioteca Julio Serebrinsky 21/03/2026 46170   895.1-3 CAN SER 46170 21/03/2026 21/03/2026 Libros